<?xml version="1.0" encoding="UTF-8"?>
<collection xmlns="http://www.loc.gov/MARC21/slim">
 <record>
  <leader>00608nam a22001575a 4500</leader>
  <controlfield tag="001">EEA.libagro006985</controlfield>
  <controlfield tag="008">130809s1969####ag#a##########000#0#spa#d</controlfield>
  <controlfield tag="005">20191119122352.0</controlfield>
  <datafield tag="245" ind1="1" ind2="0">
   <subfield code="a">Técnicas de programación y análisis en ingeniería /</subfield>
   <subfield code="c">Jorge Alfredo Luque.</subfield>
  </datafield>
  <datafield tag="260" ind1=" " ind2=" ">
   <subfield code="a">Bahía Blanca :</subfield>
   <subfield code="b">Riagro</subfield>
   <subfield code="g">(1969)</subfield>
  </datafield>
  <datafield tag="300" ind1=" " ind2=" ">
   <subfield code="a">301 p. :</subfield>
   <subfield code="b">tab., gráf. ;</subfield>
   <subfield code="c">23 cm.</subfield>
  </datafield>
  <datafield tag="700" ind1="1" ind2=" ">
   <subfield code="a">Luque, Jorge Alfredo.</subfield>
  </datafield>
  <datafield tag="082" ind1="0" ind2="4">
   <subfield code="a">620.0018</subfield>
  </datafield>
  <datafield tag="859" ind1=" " ind2=" ">
   <subfield code="a">AR-BbBCA</subfield>
   <subfield code="b">BIB. AGRONOMIA</subfield>
   <subfield code="h">620.0018</subfield>
   <subfield code="i">L966</subfield>
   <subfield code="p">1970/0007</subfield>
  </datafield>
  <datafield tag="859" ind1=" " ind2=" ">
   <subfield code="a">AR-BbBCA</subfield>
   <subfield code="b">BIB. AGRONOMIA</subfield>
   <subfield code="h">620.0018</subfield>
   <subfield code="i">L966</subfield>
   <subfield code="p">1980/0052</subfield>
   <subfield code="t">Ej.2</subfield>
  </datafield>
  <datafield tag="859" ind1=" " ind2=" ">
   <subfield code="a">AR-BbBCA</subfield>
   <subfield code="b">BIB. AGRONOMIA</subfield>
   <subfield code="h">620.0018</subfield>
   <subfield code="i">L966</subfield>
   <subfield code="p">2002/4355</subfield>
   <subfield code="t">Ej.3</subfield>
  </datafield>
 </record>
</collection>
